000 00282nam a22001217a 4500
082 _a920
_bMAT/D
100 _aMATHEW, MERCY
245 _aDAYABAI,THE LADY WITH FIRE
260 _aBANGALOE
_bFRANCISCAN PUBLICATION
300 _a131
650 _aABOUT DAYABAI
_zBANGALORE
942 _cBK
999 _c6758
_d6758